000 01078nam a2200337 a 4500
999 _c2493
_d2493
001 017100447
003 UkOxU
005 20230620114600.0
008 070514r20072004enk j 000 1 eng
015 _aGBA737546
_2bnb
020 _a9781862303775 (pbk.) :
035 _a(IeDuTC)b14732229
035 _a(UkLCURL)08b14732229
038 _aUk
040 _aStDuBDS
_beng
_cStDuBDS
_dKH8
049 _lb
082 0 4 _a823.914 CAV
_222
100 1 _aCavendish, Grace.
_eauthor
245 1 0 _aBetrayal /
_cGrace Cavendish.
260 _aLondon :
_bRed Fox,
_c2007.
263 _a200708
300 _a197 p. ;
_c20 cm.
490 1 _aThe Lady Grace mysteries
500 _aOriginally published: as by Patricia Finney. London: Doubleday, 2004.
650 0 _aCavendish, Grace, Lady (Fictitious character)
_vJuvenile fiction.
650 0 _aLadies-in-waiting
_vJuvenile fiction.
651 0 _aGreat Britain
_xHistory
_yElizabeth, 1558-1603
_vJuvenile fiction.
700 1 _aFinney, Patricia,
_d1958-
800 1 _aCavendish, Grace.
_tLady Grace mysteries.
942 _2ddc
_cNFIC